00359nam a22000977a 450000500170000010000710001724500950008826000270018330000090021070000420021920260629114334.0 aShahzoor Ali Brohia21-19MSIT-07aSupervisor - Dr. Mehwish Leghari aComparative Analysis of Techniques for Bug Detection in Software Traceability ( Thesis MS) aNawabshahbQUESTc2024 a80p. aDepartment of Information Technology